| 000 | 01503nam a22002775a 4500 | ||
|---|---|---|---|
| 003 | OSt | ||
| 005 | 20170418094747.0 | ||
| 008 | 160922s2009 xx frb 000 0 ara d | ||
| 020 | _z978978083 | ||
| 040 |
_aEG-ScBUE _bara _cEG-ScBUE |
||
| 043 |
_an-us--- _af-ua--- _ae-fr--- _ae-uk--- |
||
| 082 | 0 | 4 |
_a343.096 _bع ب د _222 |
| 100 | 1 | _aعبد الفتاح، راوي محمد. | |
| 245 | 1 | 2 |
_aالمسئولية عن الأضرار الناشئة عن التصادم البحري في النظام الأنجلو أمريكي = _bLiability for damages resulting from maritime collision in Anglo American System : مع الإشارة إلى الوضع في مصر وفرنسا والمعاهدات الدولية / _cراوي محمد عبد الفتاح |
| 246 | 3 | 1 | _aLiability for damages resulting from maritime collision in Anglo American System |
| 260 |
_a[د. م. : _bد. ن.]، _c2009. |
||
| 300 |
_a541 ص. ؛ _c24 سم. |
||
| 504 | _aيشتمل على إرجاعات ببليوجرافية. | ||
| 650 | 7 |
_2BUEsh _aالحوادث البحرية _xقوانين وتشريعات _zالولايات المتحدة الأمريكية |
|
| 650 | 7 |
_2BUEsh _aالحوادث البحرية _xقوانين وتشريعات _zبريطانيا. |
|
| 650 | 7 |
_2BUEsh _aالحوادث البحرية _xقوانين وتشريعات _zمصر. |
|
| 650 | 7 |
_2BUEsh _aالحوادث البحرية _xقوانين وتشريعات _zفرنسا. |
|
| 651 | _2BUEsh | ||
| 653 |
_bLLAAWW _cApril2017 |
||
| 942 | _2ddc | ||
| 999 |
_c24664 _d24636 |
||